全天 88 星座中文名称 - Statistics

General Stats
  • This quiz has been taken 15 times
  • The average score is 26 of 88
Answer Stats
面积(平方度) 星座名称 % Correct
946.964 狮子座
90%
797.249 金牛座
90%
255.864 小熊座
90%
1294.428 室女座
80%
1279.66 大熊座
80%
889.417 双鱼座
80%
513.761 双子座
80%
413.947 摩羯座
80%
68.447 南十字座
80%
803.983 天鹅座
70%
722.278 仙女座
70%
538.052 天秤座
70%
594.12 猎户座
60%
505.872 巨蟹座
60%
496.783 天蝎座
60%
441.395 白羊座
60%
380.118 大犬座
60%
286.476 天琴座
60%
979.854 宝瓶座
50%
948.34 蛇夫座
50%
867.432 射手座
50%
652.473 天鹰座
50%
183.367 小犬座
50%
1231.411 鲸鱼座
40%
1225.148 武仙座
40%
1060.422 半人马座
40%
598.407 仙后座
40%
587.787 仙王座
40%
313.515 六分仪座
40%
290.291 天兔座
40%
1137.919 波江座
30%
1120.794 飞马座
30%
906.831 牧夫座
30%
657.438 御夫座
30%
614.997 英仙座
30%
243.035 水蛇座
30%
220.833 罗盘座
30%
79.932 天箭座
30%
1082.952 天龙座
20%
545.386 天猫座
20%
481.569 麒麟座
20%
474.764 玉夫座
20%
469.319 凤凰座
20%
465.194 猎犬座
20%
270.184 天鸽座
20%
268.165 狐狸座
20%
238.901 唧筒座
20%
200.688 蝎虎座
20%
183.801 乌鸦座
20%
178.71 北冕座
20%
131.847 三角座
20%
109.978 南三角座
20%
1302.844 长蛇座
10%
756.828 鹿豹座
10%
673.434 船尾座
10%
636.928 巨蛇座
10%
499.649 船帆座
10%
494.184 船底座
10%
397.502 天炉座
10%
377.666 孔雀座
10%
294.557 杜鹃座
10%
294.006 印第安座
10%
291.045 南极座
10%
282.398 巨爵座
10%
231.956 小狮座
10%
209.513 显微镜座
10%
188.549 海豚座
10%
179.173 剑鱼座
10%
138.355 苍蝇座
10%
127.696 南冕座
10%
113.936 网罟座
10%
109.114 盾牌座
10%
71.641 小马座
10%
386.475 后发座
0%
365.513 天鹤座
0%
333.683 豺狼座
0%
251.512 望远镜座
0%
248.885 时钟座
0%
246.739 绘架座
0%
245.375 南鱼座
0%
237.057 天坛座
0%
206.327 天燕座
0%
165.29 矩尺座
0%
153.484 山案座
0%
141.354 飞鱼座
0%
131.592 蝘蜓座
0%
124.865 雕具座
0%
93.353 圆规座
0%
No matching quizzes found
Score Distribution
Percent of People with Each Score
Percentile by Number Answered
Your Score History
You have not taken this quiz